Hauptstädte, die auf 'o' enden - Statistiken

Allgemein
  • Dieses Quiz wurde 197 mal gespielt
  • Das Durchschnittsergebnis liegt bei 6 aus 16
Antwortstatistiken
Hauptstadt Land % Korrekt
Oslo Norwegen
87%
Tokio Japan
72%
Kairo Ägypten
57%
Montevideo Uruguay
45%
Quito Ecuador
43%
San Marino San Marino
39%
Antananarivo Madagaskar
35%
Santo Domingo Dominikanische Republik
33%
Sarajevo Bosnien und Herzegowina
32%
Maputo Mosambik
30%
Paramaribo Suriname
29%
Porto-Novo Benin
29%
Bamako Mali
26%
Malabo Äquatorialguinea
24%
Yamoussoukro Elfenbeinküste
18%
Majuro Marshallinseln
13%
Keine übereinstimmenden Quizze gefunden
Verteilung der Resultate
Anzahl Personen mit jedem Resultat
Perzentil nach korrekt beantworteten Fragen
Ihre Resultats-Entwicklung
Sie haben dieses Quiz noch nicht gespielt